Regulating Social Media in Pakistan: (Record no. 615620)
[ view plain ]
| 000 -LEADER | |
|---|---|
| fixed length control field | 00493nam a22001337a 4500 |
| 082 ## - DEWEY DECIMAL CLASSIFICATION NUMBER | |
| Classification number | 340 |
| Author Mark | SOO |
| 100 ## - MAIN ENTRY--PERSONAL NAME | |
| Personal name | Soomro, Umair Ahmed & Adil, Muhammad Wahab |
| 245 ## - TITLE STATEMENT | |
| Title | Regulating Social Media in Pakistan: |
| Remainder of title | The Need for Specialized Legislative Measures / |
| Statement of responsibility, etc. | Umair Ahmed Soomro & Muhammad Wahab Adil |
| 260 ## - PUBLICATION, DISTRIBUTION, ETC. | |
| Place of publication, distribution, etc. | Islamabad : |
| Name of publisher, distributor, etc. | NUST Law School, |
| Date of publication, distribution, etc. | 2025. |
| 300 ## - PHYSICAL DESCRIPTION | |
| Extent | 48 p. ; |
| Dimensions | 30 CM. |
| 563 ## - BINDING INFORMATION | |
| Binding note | HBK. |
| 856 ## - Uniform Resource Identifier | |
| Uniform Resource Identifier | <a href="http://10.250.8.41:8080/xmlui/handle/123456789/56165">http://10.250.8.41:8080/xmlui/handle/123456789/56165</a> |
| 942 ## - ADDED ENTRY ELEMENTS (KOHA) | |
| Source of classification or shelving scheme | |
| Koha item type | Project Report |
| Withdrawn status | Lost status | Source of classification or shelving scheme | Damaged status | Not for loan | Permanent Location | Current Location | Date acquired | Total Checkouts | Full call number | Barcode | Date last seen | Price effective from | Koha item type |
|---|---|---|---|---|---|---|---|---|---|---|---|---|---|
| NUST Law School (NLS) | NUST Law School (NLS) | 12/18/2025 | 340 SOO | NLSP-8 | 12/18/2025 | 12/18/2025 | Project Report |
